[Event "AUS-ch U18"]
[Site "Canberra"]
[Date "2007.01.20"]
[Round "6"]
[White "Arulprakasam, Joash"]
[Black "Searle, Zachary"]
[Result "0-1"]
[WhiteElo "528"]
[BlackElo "809"]
[PlyCount "138"]
[EventDate "2007.01.14"]
[EventType "swiss"]
[EventRounds "11"]
[EventCountry "AUS"]
[SourceTitle "EXT 2008"]
[Source "ChessBase"]
[SourceDate "2007.11.25"]
[SourceVersion "1"]
[SourceVersionDate "2007.11.25"]
[SourceQuality "1"]

1. e4 e5 2. Nf3 Nc6 3. Bb5 a6 4. Ba4 Nf6 5. Nc3 b5 6. Bb3 Bc5 7. Ng5 0-0 8. d3 h6 9. Nf3 d6 10. 0-0 Bg4 11. h3 Bh5 12. Nd5 Nd4 13. g4 Nxf3+ 14. Qxf3 Bg6 15. Nxf6+ Qxf6 16. Qxf6 gxf6 17. Bxh6 Rfc8 18. Bd5 c6 19. Bb3 a5 20. a4 b4 21. c3 Kh7 22. Bd2 Rh8 23. h4 Kg7 24. h5 Bh7 25. cxb4 Bxb4 26. Bxb4 axb4 27. Rfc1 c5 28. Bd5 Rac8 29. a5 Rc7 30. a6 Ra7 31. f3 Rb8 32. Bc4 Kh6 33. Bxf7 Rxf7 34. a7 Ra8 35. Kf2 Rfxa7 36. Rxa7 Rxa7 37. Ke3 Ra2 38. b3 Rb2 39. Ra1 Rxb3 40. Ra6 Ra3 41. Rxd6 Kg5 42. Kd2 Ra7 43. Rb6 Rf7 44. Rb5 Rc7 45. Rb6 Bg8 46. Rb8 Bb3 47. Ke3 Ba2 48. Ra8 b3 49. Rg8+ Kh6 50. Rg6+ Kh7 51. g5 b2 52. Rh6+ Kg8 53. Rg6+ Rg7 54. gxf6 Rxg6 55. hxg6 b1Q 56. f7+ Bxf7 57. gxf7+ Kxf7 58. Ke2 Qb2+ 59. Ke3 Qc1+ 60. Ke2 c4 61. dxc4 Qxc4+ 62. Kf2 Kg6 63. f4 Qxe4 64. fxe5 Qxe5 65. Kf1 Qb2 66. Ke1 Kf5 67. Kd1 Ke4 68. Ke1 Ke3 69. Kf1 Qf2# 0-1

[Event "AUS-ch U18"]
[Site "Canberra"]
[Date "2007.01.18"]
[Round "4"]
[White "Masle Farquhar, Etienne"]
[Black "Arulprakasam, Joash"]
[Result "1-0"]
[WhiteElo "825"]
[BlackElo "528"]
[PlyCount "77"]
[EventDate "2007.01.14"]
[EventType "swiss"]
[EventRounds "11"]
[EventCountry "AUS"]
[SourceTitle "EXT 2008"]
[Source "ChessBase"]
[SourceDate "2007.11.25"]
[SourceVersion "1"]
[SourceVersionDate "2007.11.25"]
[SourceQuality "1"]

1. d4 d5 2. c4 c6 3. b3 Nf6 4. Nf3 g6 5. Bf4 Bg7 6. g3 Nbd7 7. Qd3 c5 8. cxd5 cxd4 9. Nbd2 0-0 10. Nc4 b6 11. Bg2 Ba6 12. Rd1 b5 13. Nb2 Nc5 14. Qc2 Nfd7 15. b4 Nb7 16. Qc6 e5 17. Bg5 f6 18. Qxa6 fxg5 19. Qxb7 e4 20. Nxd4 Bxd4 21. Bh3 Rf7 22. Rxd4 Rc8 23. 0-0 Rc7 24. Qxb5 Rc2 25. Nc4 Rxe2 26. Be6 Qb8 27. Bxf7+ Kxf7 28. Qxd7+ Kg8 29. Qe6+ Kg7 30. Qe5+ Qxe5 31. Nxe5 Kf6 32. Ng4+ Kf5 33. h3 h5 34. Ne3+ Ke5 35. Rfd1 Rxa2 36. d6 Rb2 37. d7 Rb3 38. d8Q g4 39. Qd5+ 1-0

[Event "AUS-ch U18"]
[Site "Canberra"]
[Date "2007.01.15"]
[Round "2"]
[White "Arulprakasam, Joash"]
[Black "Behne Smith, Jonathon"]
[Result "0-1"]
[WhiteElo "528"]
[BlackElo "1211"]
[PlyCount "90"]
[EventDate "2007.01.14"]
[EventType "swiss"]
[EventRounds "11"]
[EventCountry "AUS"]
[SourceTitle "EXT 2008"]
[Source "ChessBase"]
[SourceDate "2007.11.25"]
[SourceVersion "1"]
[SourceVersionDate "2007.11.25"]
[SourceQuality "1"]

1. e4 c6 2. d4 d5 3. Nd2 dxe4 4. Nxe4 Bf5 5. Ng3 Bg6 6. h4 h6 7. Nf3 Nd7 8. h5 Bh7 9. Bd3 Bxd3 10. Qxd3 Ngf6 11. Bf4 Qa5+ 12. Bd2 Qc7 13. 0-0-0 0-0-0 14. Qe3 e6 15. Qe1 Bd6 16. Bc3 Nd5 17. Ne4 Bf4+ 18. Kb1 N7f6 19. Nxf6 gxf6 20. g3 Bd6 21. Bd2 Qd7 22. c4 Ne7 23. c5 Bc7 24. Ka1 Qd5 25. Qe2 Nf5 26. Bc3 Bxg3 27. Rhg1 Bf4 28. Rge1 Ng7 29. Qe4 Bg5 30. Qxd5 Rxd5 31. Rg1 Nxh5 32. Nxg5 fxg5 33. Rh1 Nf4 34. Bd2 Rxd4 35. Be3 Rxd1+ 36. Rxd1 Nd5 37. Bd4 Rh7 38. b3 f6 39. f3 h5 40. a4 e5 41. Bg1 Rd7 42. Bf2 Nc3 43. Rxd7 Kxd7 44. Kb2 Nd1+ 45. Kc2 Nxf2 0-1